<?xml version="1.0" encoding="UTF-8"?><?xml-stylesheet type="text/xsl" href="static/style.xsl"?><OAI-PMH xmlns="http://www.openarchives.org/OAI/2.0/" xmlns:xsi="http://www.w3.org/2001/XMLSchema-instance" xsi:schemaLocation="http://www.openarchives.org/OAI/2.0/ http://www.openarchives.org/OAI/2.0/OAI-PMH.xsd"><responseDate>2026-04-14T06:46:28Z</responseDate><request verb="GetRecord" identifier="oai:www.recercat.cat:2117/27758" metadataPrefix="marc">https://recercat.cat/oai/request</request><GetRecord><record><header><identifier>oai:recercat.cat:2117/27758</identifier><datestamp>2025-07-17T11:30:22Z</datestamp><setSpec>com_2072_1033</setSpec><setSpec>col_2072_452950</setSpec></header><metadata><record xmlns="http://www.loc.gov/MARC21/slim" xmlns:dcterms="http://purl.org/dc/terms/" xmlns:xsi="http://www.w3.org/2001/XMLSchema-instance" xmlns:doc="http://www.lyncode.com/xoai" xsi:schemaLocation="http://www.loc.gov/MARC21/slim http://www.loc.gov/standards/marcxml/schema/MARC21slim.xsd">
   <leader>00925njm 22002777a 4500</leader>
   <datafield ind2=" " ind1=" " tag="042">
      <subfield code="a">dc</subfield>
   </datafield>
   <datafield ind2=" " ind1=" " tag="720">
      <subfield code="a">Montero Mercadé, Lídia</subfield>
      <subfield code="e">author</subfield>
   </datafield>
   <datafield ind2=" " ind1=" " tag="260">
      <subfield code="c">1996</subfield>
   </datafield>
   <datafield ind2=" " ind1=" " tag="520">
      <subfield code="a">Report de treball DR96/03 vinculat al conveni C2204 - UPC-ALG,sa&#xd;
&#xd;
Les autoritats municipals conjuntament amb l’empresa explotadora del servei d’autobusos de la ciutat es va plantejar l’any 1.993 l’actualització i millora de la informació disponible sobre la mobilitat municipal, com a pas previ i necessari pel desenvolupament d’un Pla Estratègic de Millora del transport col•lectiu urbà.&#xd;
L’esperit anterior donà lloc al plantejament i execució d’una Enquesta de Mobilitat que es duu a terme durant la tardor del 1.993 i que d’ara en endavant s’anomena EMOZ’93. Els objectius específics que conduïren a la definició del qüestionari de l’Enquesta foren:&#xd;
&#xd;
•	Quantificar la mobilitat urbana per modes de transport i períodes del dia en diferents dies tipus (feiners, dissabtes i festius) mitjançant matrius de mobilitat origen/destinació entre zones de transport.&#xd;
•	Conèixer les motivacions i característiques de la mobilitat per modes de transport: autobús, vehicle privat, taxi, vehicle escolar o d’empresa i peu.&#xd;
•	Desenvolupar i calibrar els models clàssics de demanda: generació/atracció de viatges, distribució de viatges i repartiment modal (peu-mecànics, autobús-vehicle privat, etc.).&#xd;
•	Realitzar una anàlisi sòcio-econòmica de les característiques de la mobilitat urbana en funció de l’edat, el grau de motorització, el districte de residència, etc.&#xd;
•	Detectar els segments de no usuaris del transport d’autobusos urbans i definir les possibilitats de captació.&#xd;
•	Captar informació addicional d’interès municipal: disponibilitat de segon habitatge, dificultat percebuda d’aparcament al Centre, etc.</subfield>
   </datafield>
   <datafield ind2=" " ind1=" " tag="520">
      <subfield code="a">Preprint</subfield>
   </datafield>
   <datafield tag="653" ind2=" " ind1=" ">
      <subfield code="a">Àrees temàtiques de la UPC::Matemàtiques i estadística</subfield>
   </datafield>
   <datafield tag="653" ind2=" " ind1=" ">
      <subfield code="a">Classificació AMS::90 Operations research, mathematical programming</subfield>
   </datafield>
   <datafield ind2="0" ind1="0" tag="245">
      <subfield code="a">Una enquesta de mobilitat en una ciutat espanyola de tamany mig: EMOZ'93</subfield>
   </datafield>
</record></metadata></record></GetRecord></OAI-PMH>